书目信息 |
| 题名: |
市政工程与园林建筑
|
|
| 作者: | 祁为方 , 古旋全 , 王立杰 编著 | |
| 分册: | ||
| 出版信息: | 北京 文化发展出版社有限公司 2021.2 |
|
| 页数: | 351页 | |
| 开本: | 24cm | |
| 丛书名: | ||
| 单 册: | ||
| 中图分类: | TU99 , TU986.4 | |
| 科图分类: | ||
| 主题词: | 市政工程--工程施工--研究 , 园林建筑--工程施工--研究 | |
| 电子资源: | ||
| ISBN: | 978-7-5142-2599-0 | |
| 000 | 01207nam0 2200277 45 | |
| 001 | 012001000099 | |
| 005 | 20140910144852.0 | |
| 010 | @a978-7-5142-2599-0@dCNY54.00 | |
| 100 | @a20190322d2019 em y0chiy0110 ea | |
| 101 | 0 | @achi |
| 102 | @aCN@b110000 | |
| 105 | @ay z 000yy | |
| 106 | @ar | |
| 200 | 1 | @a市政工程与园林建筑@Ashi zheng gong cheng yu yuan lin jian zhu@f祁为方,古旋全,王立杰编著 |
| 210 | @a北京@c文化发展出版社有限公司@d2021.2 | |
| 215 | @a351页@d24cm | |
| 330 | @a本书根据市政工程和园林建筑各项政策和规定进行编写,具体内容包括:城市道路工程、城市桥梁工程、城市给排水工程、城市消防、防洪、防灾工程、城市电力通信工程、城市环境卫生及其他公用设施工程、园林工程施工概述及施工程序、园林土方工程施工方法与技术、园林水景工程施工方法与技术、园路铺装工程与假山工程的施工方法与技术、园林绿化种植工程施工方法与技术、园林水电安装工程施工方法与技术、园林工程施工组织设计等。 | |
| 606 | 0 | @a市政工程@x工程施工@x研究 |
| 606 | 0 | @a园林建筑@x工程施工@x研究 |
| 690 | @aTU99@v5 | |
| 690 | @aTU986.4@v5 | |
| 701 | 0 | @a祁为方@Aqi wei fang@4编著 |
| 701 | 0 | @a古旋全@Agu xuan quan@4编著 |
| 701 | 0 | @a王立杰@Awang li jie@4编著 |
| 801 | 0 | @aCN@bBJSDL@c20211011 |
| 905 | @b1330365-8@dTU99@e1818@f4 | |
| 市政工程与园林建筑/祁为方,古旋全,王立杰编著.-北京:文化发展出版社有限公司,2021.2 |
| 351页;24cm |
| ISBN 978-7-5142-2599-0:CNY54.00 |
| 本书根据市政工程和园林建筑各项政策和规定进行编写,具体内容包括:城市道路工程、城市桥梁工程、城市给排水工程、城市消防、防洪、防灾工程、城市电力通信工程、城市环境卫生及其他公用设施工程、园林工程施工概述及施工程序、园林土方工程施工方法与技术、园林水景工程施工方法与技术、园路铺装工程与假山工程的施工方法与技术、园林绿化种植工程施工方法与技术、园林水电安装工程施工方法与技术、园林工程施工组织设计等。 |
| ● |
| 相关链接 |
|
|
|
|
正题名:市政工程与园林建筑
索取号:TU99/1818
 
预约/预借
| 序号 | 登录号 | 条形码 | 馆藏地/架位号 | 状态 | 备注 |
| 1 | 1330365 | 213303655 | 第二样本阅览室/ [索取号:TU99/1818] | 在馆 | |
| 2 | 1330366 | 213303664 | 第三借阅区/ [索取号:TU99/1818] | 在馆 | |
| 3 | 1330367 | 213303673 | 第三借阅区/ [索取号:TU99/1818] | 在馆 | |
| 4 | 1330368 | 213303682 | 第三借阅区/ [索取号:TU99/1818] | 在馆 |